| 000 | 00694nam a2200205 a 4500 | ||
|---|---|---|---|
| 005 | 20240912063821.0 | ||
| 008 | 991125s1994 mx 000 0 spa u | ||
| 020 | _a9682961289 | ||
| 035 | _aUPN01000059210 | ||
| 049 | _aLTG | ||
| 050 | 4 |
_aLB1582 M6 _bZ3 1994 |
|
| 245 | 0 | 0 |
_aZacatecas : _bsuelo metálico bajo las nopaleras : monografía estatal. |
| 260 |
_aMéxico : _bSEP, Comisión Nacional de los Libros de Texto Gratuitos, _c1994. |
||
| 300 |
_a255 p. : _bil. col. |
||
| 500 | _aLibro de texto gratuito | ||
| 650 | 4 |
_aHistoria _xEstudio y enseñanza (Elemental) _92803 |
|
| 651 | 7 |
_aZacatecas _xDescripción y viajes _2 _921505 |
|
| 651 | 4 |
_aZacatecas _xHistoria _917679 |
|
| 905 | _aLibro | ||
| 999 |
_c59210 _d59210 |
||